[Event "Oberliga Ost B 2023 2024"]
[Site "?"]
[Date "2024.01.14"]
[Round "5.1"]
[Board "1"]
[White "Womacka, Mathias"]
[Black "Bethke, Richard"]
[Result "1/2-1/2"]
[WhiteElo "2357"]
[BlackElo "2354"]
[PlyCount "56"]
[EventDate "2023.10.22"]
[EventType "team-tourn"]
[EventCountry "GER"]
[WhiteTeam "Hofheim SV II"]
[BlackTeam "Neuberg SF"]
[WhiteTeamCountry "GER"]
[BlackTeamCountry "GER"]

1. e4 e5 2. Nf3 Nc6 3. Bc4 Nf6 4. d3 Bc5 5. O-O O-O 6. h3 a5 7. Nc3 h6 8. Be3 Bxe3 9. fxe3 d6 10. d4 exd4 11. exd4 Nxe4 12. Nxe4 d5 13. Bd3 dxe4 14. Bxe4 Qd6 15. c3 Be6 16. Qa4 Ne7 17. Rae1 Qg3 18. Kh1 Ng6 19. Qc2 Bc4 20. Rg1 Nf4 21. b3 Be6 22. Ne5 Rae8 23. Qd2 c6 24. Re3 Qg5 25. Nf3 Qh5 26. Ne5 Qg5 27. Nf3 Qh5 28. Ne5 Qg5 1/2-1/2

[Event "Oberliga Ost B 2023 2024"]
[Site "?"]
[Date "2024.01.14"]
[Round "5.1"]
[Board "2"]
[White "Kuenstler, Christian"]
[Black "Zude, Erik"]
[Result "1/2-1/2"]
[WhiteElo "2281"]
[BlackElo "2382"]
[PlyCount "47"]
[EventDate "2023.10.22"]
[EventType "team-tourn"]
[EventCountry "GER"]
[WhiteTeam "Neuberg SF"]
[BlackTeam "Hofheim SV II"]
[WhiteTeamCountry "GER"]
[BlackTeamCountry "GER"]

1. d4 Nf6 2. Nf3 g6 3. g3 Bg7 4. Bg2 O-O 5. O-O d6 6. c4 Nc6 7. Nc3 Bf5 8. d5 Na5 9. Nd4 Bd7 10. b3 c5 11. dxc6 bxc6 12. h3 c5 13. Nc2 Nc6 14. Bd2 Rb8 15. Nd5 a5 16. Bc3 Nxd5 17. Bxg7 Kxg7 18. cxd5 Na7 19. Qd2 Qb6 20. Rab1 Rfc8 21. a4 Kg8 22. Na3 Qb4 23. Nc4 Rc7 24. Qxb4 1/2-1/2

[Event "Oberliga Ost B 2023 2024"]
[Site "?"]
[Date "2024.01.14"]
[Round "5.1"]
[Board "3"]
[White "Weber, Ulrich"]
[Black "Wahedi, Ahmad Siar"]
[Result "1-0"]
[WhiteElo "2331"]
[BlackElo "2264"]
[PlyCount "111"]
[EventDate "2023.10.22"]
[EventType "team-tourn"]
[EventCountry "GER"]
[WhiteTeam "Hofheim SV II"]
[BlackTeam "Neuberg SF"]
[WhiteTeamCountry "GER"]
[BlackTeamCountry "GER"]

1. Nf3 d5 2. g3 g6 3. Bg2 Bg7 4. d4 Bf5 5. O-O Nc6 6. c3 Qd7 7. Nbd2 Nf6 8. Nb3 Ne4 9. Nh4 Bh3 10. f3 Bxg2 11. Nxg2 Nd6 12. Nc5 Qc8 13. Qb3 e6 14. e4 dxe4 15. fxe4 b6 16. Qa4 b5 17. Qc2 e5 18. d5 Na5 19. Be3 O-O 20. Nh4 Rb8 21. b3 Nab7 22. Rae1 a5 23. c4 bxc4 24. bxc4 Nd8 25. Rb1 c6 26. Rxb8 Qxb8 27. Nd7 Qc8 28. Nxf8 cxd5 29. exd5 Bxf8 30. c5 f5 31. Qb3 Ne4 32. c6 Bd6 33. Qc4 Kg7 34. Rc1 Bc7 35. Nf3 Qb8 36. Qb3 Qc8 37. Qb2 Nf7 38. Qb7 Qd8 39. Qb5 g5 40. Qd3 h5 41. Nd2 Ned6 42. Nc4 Nxc4 43. Qxc4 f4 44. Bc5 Qf6 45. Qe4 f3 46. Rb1 g4 47. Rb2 Bd6 48. Be3 Be7 49. Qc2 Nd6 50. c7 Nc8 51. Rb8 Qa6 52. Rxc8 f2+ 53. Bxf2 Qxc8 54. Qc6 Bg5 55. d6 Qf5 56. c8=Q 1-0

[Event "Oberliga Ost B 2023 2024"]
[Site "?"]
[Date "2024.01.14"]
[Round "5.1"]
[Board "4"]
[White "Lutz, Klaus Juergen"]
[Black "Zude, Arno"]
[Result "0-1"]
[WhiteElo "2247"]
[BlackElo "2328"]
[PlyCount "132"]
[EventDate "2023.10.22"]
[EventType "team-tourn"]
[EventCountry "GER"]
[WhiteTeam "Neuberg SF"]
[BlackTeam "Hofheim SV II"]
[WhiteTeamCountry "GER"]
[BlackTeamCountry "GER"]

1. e4 e5 2. Nf3 Nc6 3. Bc4 Bc5 4. c3 Nf6 5. d4 exd4 6. e5 d5 7. Bb5 Ne4 8. cxd4 Bb6 9. Be3 O-O 10. Nc3 Ne7 11. Qc2 Nxc3 12. bxc3 Bf5 13. Qe2 a6 14. Ba4 Ba5 15. Bd2 Nc8 16. O-O b5 17. Bb3 Nb6 18. a4 Nc4 19. Ra2 Bb6 20. Rfa1 Rb8 21. Bf4 Rc8 22. axb5 axb5 23. Ra6 h6 24. Bc2 Qd7 25. Bg3 Rce8 26. Nh4 Bxc2 27. Qxc2 b4 28. Kh1 Qb5 29. cxb4 Bxd4 30. Qa4 Qxa4 31. R1xa4 Bxe5 32. Nf3 Bxg3 33. hxg3 Nb6 34. Ra2 Re4 35. b5 Rfe8 36. Ra7 R8e7 37. Rc2 Rc4 38. Rd2 h5 39. Ra1 g6 40. Nd4 Rc5 41. f3 Kg7 42. Kg1 Re3 43. Kf2 Rec3 44. Rad1 Kf6 45. Re2 Rc1 46. Rdd2 Rb1 47. Rb2 Rxb2 48. Rxb2 Rc4 49. Nc6 Rc1 50. f4 Nc4 51. Rb4 Rc2+ 52. Kf3 Nd2+ 53. Ke3 Nf1+ 54. Kd4 Rxg2 55. Kxd5 Rxg3 56. Ne5 Ne3+ 57. Kc6 Nc2 58. Rc4 Na3 59. Rc5 Rb3 60. Nd7+ Kg7 61. f5 gxf5 62. Rxf5 Rc3+ 63. Kb7 h4 64. Rg5+ Kh6 65. Rg4 h3 66. Nf6 Rf3 0-1

[Event "Oberliga Ost B 2023 2024"]
[Site "?"]
[Date "2024.01.14"]
[Round "5.1"]
[Board "5"]
[White "Kostiukova, Liubov"]
[Black "Schaffer, Hendrik"]
[Result "1-0"]
[WhiteElo "2227"]
[BlackElo "2236"]
[PlyCount "63"]
[EventDate "2023.10.22"]
[EventType "team-tourn"]
[EventCountry "GER"]
[WhiteTeam "Hofheim SV II"]
[BlackTeam "Neuberg SF"]
[WhiteTeamCountry "GER"]
[BlackTeamCountry "GER"]

1. e4 g6 2. Nf3 Bg7 3. d3 c6 4. g3 d5 5. Nbd2 Nf6 6. Bg2 dxe4 7. dxe4 O-O 8. O-O h6 9. c3 Na6 10. Nd4 e5 11. N4b3 Be6 12. Qe2 Nd7 13. f4 Qb6+ 14. Kh1 exf4 15. gxf4 Rae8 16. Re1 Qc7 17. Qf1 f5 18. Nd4 Bxd4 19. cxd4 fxe4 20. Bxe4 Nf6 21. Bg2 Nb4 22. Nf3 Nfd5 23. Ne5 Bf5 24. Bd2 Qb6 25. Be4 Qxd4 26. Bxf5 Rxf5 27. Qg2 g5 28. Nf3 Rxe1+ 29. Rxe1 Qg7 30. fxg5 hxg5 31. Qg4 Rxf3 32. Qxf3 1-0

[Event "Oberliga Ost B 2023 2024"]
[Site "?"]
[Date "2024.01.14"]
[Round "5.1"]
[Board "6"]
[White "Seifert, Christopher"]
[Black "Brendel, Oliver"]
[Result "0-1"]
[WhiteElo "2323"]
[BlackElo "2282"]
[PlyCount "50"]
[EventDate "2023.10.22"]
[EventType "team-tourn"]
[EventCountry "GER"]
[WhiteTeam "Neuberg SF"]
[BlackTeam "Hofheim SV II"]
[WhiteTeamCountry "GER"]
[BlackTeamCountry "GER"]

1. c4 e5 2. g3 c6 3. Bg2 d5 4. Qc2 Nf6 5. d3 Bb4+ 6. Nd2 O-O 7. a3 Bd6 8. e4 Be6 9. Ne2 dxe4 10. Nxe4 Nxe4 11. dxe4 Bc5 12. O-O a5 13. b3 Qe7 14. Qb2 Bg4 15. Nc3 Bd4 16. Be3 Bxe3 17. fxe3 Na6 18. Bf3 Bxf3 19. Rxf3 Rad8 20. Qc2 Rd6 21. Rb1 Rfd8 22. b4 axb4 23. axb4 Rd2 24. Qa4 Qe6 25. b5 Qh3 0-1

[Event "Oberliga Ost B 2023 2024"]
[Site "?"]
[Date "2024.01.14"]
[Round "5.1"]
[Board "7"]
[White "Kushka, Alena"]
[Black "Overbeck, Thorsten"]
[Result "1/2-1/2"]
[WhiteElo "2154"]
[BlackElo "2279"]
[PlyCount "65"]
[EventDate "2023.10.22"]
[EventType "team-tourn"]
[EventCountry "GER"]
[WhiteTeam "Hofheim SV II"]
[BlackTeam "Neuberg SF"]
[WhiteTeamCountry "GER"]
[BlackTeamCountry "GER"]

1. d4 d5 2. c4 e6 3. Nc3 c6 4. cxd5 exd5 5. Bf4 Bf5 6. e3 Bd6 7. Bxd6 Qxd6 8. g4 Bg6 9. h4 h6 10. Nf3 Nd7 11. Qb3 Ngf6 12. Bh3 h5 13. g5 Ng4 14. Rg1 Bf5 15. Ne2 O-O-O 16. Nf4 g6 17. a4 Rde8 18. Kf1 Re7 19. Rc1 Kb8 20. Rc3 f6 21. a5 a6 22. Qa3 Qxa3 23. Rxa3 Rf8 24. Bxg4 hxg4 25. Nh2 Rh7 26. Nxg4 Rxh4 27. Nxf6 Nxf6 28. gxf6 Rxf6 29. b4 Be4 30. Ra2 Rh2 31. Rd2 Kc7 32. Ke1 Bf3 33. Nd3 1/2-1/2

[Event "Oberliga Ost B 2023 2024"]
[Site "?"]
[Date "2024.01.14"]
[Round "5.1"]
[Board "8"]
[White "Iwanziw, Niklas"]
[Black "Fish, Jonathan M"]
[Result "0-1"]
[WhiteElo "1891"]
[BlackElo "2123"]
[PlyCount "120"]
[EventDate "2023.10.22"]
[EventType "team-tourn"]
[EventCountry "GER"]
[WhiteTeam "Neuberg SF"]
[BlackTeam "Hofheim SV II"]
[WhiteTeamCountry "GER"]
[BlackTeamCountry "GER"]

1. d4 Nf6 2. c4 g6 3. Nc3 d5 4. Nf3 Bg7 5. Qb3 dxc4 6. Qxc4 O-O 7. e4 a6 8. Be2 b5 9. Qb3 Nc6 10. e5 Be6 11. exf6 Bxb3 12. fxg7 Kxg7 13. axb3 Nxd4 14. Nxd4 Qxd4 15. O-O Qb4 16. Bf3 Qxb3 17. Re1 e6 18. Ra3 Qc4 19. Re4 Qd3 20. Re3 Qd7 21. Ne4 b4 22. Ra5 Rfd8 23. h4 Qd4 24. Nc5 Rab8 25. Nxa6 Qc4 26. Re1 Rb5 27. b3 Qc3 28. Bb2 Rxa5 29. Bxc3+ bxc3 30. Nb4 Rb5 31. Na2 Rxb3 32. Rc1 Rd3 33. Be2 Rd2 34. Nxc3 Rxc3 35. Rxc3 Rxe2 36. Rxc7 Kf6 37. g3 e5 38. Kf1 Rd2 39. Ra7 Ke6 40. Kg2 h6 41. Ra8 e4 42. Kf1 Kf5 43. Ra7 f6 44. Ra6 Ke5 45. Ra5+ Rd5 46. Ra6 Kf5 47. Ke2 Rb5 48. Rc6 Rb2+ 49. Ke3 Rb3+ 50. Ke2 Rf3 51. Rc5+ Kg4 52. Rc4 f5 53. Rc6 Kh3 54. Rxg6 h5 55. Rg5 Kg2 56. Rxh5 Rxf2+ 57. Ke1 Kxg3 58. Rh8 Rh2 59. h5 Kf3 60. h6 e3 0-1

[Event "Oberliga Ost B 2023 2024"]
[Site "?"]
[Date "2024.01.14"]
[Round "5.2"]
[Board "1"]
[White "Sadzikowski, Daniel"]
[Black "Konopka, Michal"]
[Result "1-0"]
[WhiteElo "2497"]
[BlackElo "2346"]
[PlyCount "123"]
[EventDate "2023.10.22"]
[EventType "team-tourn"]
[EventCountry "GER"]
[WhiteTeam "Heusenstamm SC"]
[BlackTeam "Schoeneck SF"]
[WhiteTeamCountry "GER"]
[BlackTeamCountry "GER"]

1. e4 e5 2. Nf3 Nf6 3. Nxe5 d6 4. Nf3 Nxe4 5. d4 d5 6. Bd3 Be7 7. O-O Nc6 8. Nbd2 Bf5 9. Re1 Nxd2 10. Qxd2 Bxd3 11. Qxd3 O-O 12. c3 Qd7 13. Bf4 a6 14. Re2 Rae8 15. Rae1 Bd8 16. Nd2 Rxe2 17. Qxe2 Qf5 18. Bg3 Qc2 19. Nb3 Qxe2 20. Rxe2 b6 21. Nc1 f6 22. Nd3 g5 23. Re6 Na7 24. Nb4 Kf7 25. Re1 c6 26. Nxa6 Re8 27. Rxe8 Kxe8 28. Kf1 Be7 29. Bb8 Nc8 30. Ke2 Kd7 31. a4 c5 32. b4 c4 33. g4 Bd6 34. f3 Ne7 35. Bxd6 Kxd6 36. b5 Ng6 37. Nb4 Nf4+ 38. Ke3 Ng2+ 39. Kf2 Nf4 40. Ke3 Ng2+ 41. Kd2 Nf4 42. Nc6 Ne6 43. Nb4 Nf4 44. Nc2 Nd3 45. Ne3 Nf4 46. Nf5+ Kd7 47. Ng7 Ke7 48. Nh5 Ne6 49. Ke3 Nd8 50. Ng7 Kf7 51. Nf5 Ke6 52. h4 Kd7 53. hxg5 fxg5 54. Ng7 Ke7 55. Kf2 Nb7 56. Kg3 Kf7 57. Nf5 Kf6 58. f4 gxf4+ 59. Kxf4 Nd8 60. Nd6 Ne6+ 61. Ke3 Ng5 62. a5 1-0

[Event "Oberliga Ost B 2023 2024"]
[Site "?"]
[Date "2024.01.14"]
[Round "5.2"]
[Board "2"]
[White "Nazarenus, Moritz"]
[Black "Poetsch, Hagen"]
[Result "0-1"]
[WhiteElo "2263"]
[BlackElo "2471"]
[PlyCount "106"]
[EventDate "2023.10.22"]
[EventType "team-tourn"]
[EventCountry "GER"]
[WhiteTeam "Schoeneck SF"]
[BlackTeam "Heusenstamm SC"]
[WhiteTeamCountry "GER"]
[BlackTeamCountry "GER"]

1. d4 Nf6 2. c4 e6 3. Nf3 d5 4. Nc3 dxc4 5. e3 a6 6. a4 b6 7. Bxc4 Bb7 8. O-O Bb4 9. Qe2 O-O 10. Rd1 Nbd7 11. Bd3 Qe7 12. e4 e5 13. Bg5 exd4 14. Nxd4 Qe5 15. Nf3 Qa5 16. Rac1 Rfe8 17. Bb1 Bxc3 18. Rxc3 Bxe4 19. Bxe4 Rxe4 20. Qd3 Rae8 21. Be3 Ne5 22. Nxe5 Qxe5 23. h3 Rxa4 24. Bd4 Qd6 25. Bxf6 Qxf6 26. Rxc7 Ra2 27. Rc2 g6 28. Qb3 Qe6 29. Qb4 b5 30. Rcd2 Ra4 31. Qc3 Rc4 32. Qf3 Re4 33. Rc2 Re1+ 34. Rxe1 Qxe1+ 35. Kh2 Qe4 36. Qd1 a5 37. Qd2 Qe5+ 38. g3 a4 39. Qb4 Qf5 40. Rd2 h5 41. h4 Qf3 42. Rc2 Rd8 43. Rd2 Rc8 44. Qa3 Qe4 45. Qa1 Qf3 46. Qa3 Qxa3 47. bxa3 Rc3 48. Rd8+ Kg7 49. Rb8 Rb3 50. Rb6 Kf8 51. Kg2 Ke7 52. f3 Rb2+ 53. Kg1 b4 0-1

[Event "Oberliga Ost B 2023 2024"]
[Site "?"]
[Date "2024.01.14"]
[Round "5.2"]
[Board "3"]
[White "Solonar, Stefan"]
[Black "Heinatz, Thomas"]
[Result "1-0"]
[WhiteElo "2272"]
[BlackElo "2247"]
[PlyCount "115"]
[EventDate "2023.10.22"]
[EventType "team-tourn"]
[EventCountry "GER"]
[WhiteTeam "Heusenstamm SC"]
[BlackTeam "Schoeneck SF"]
[WhiteTeamCountry "GER"]
[BlackTeamCountry "GER"]

1. Nf3 Nf6 2. c4 g6 3. Nc3 Bg7 4. e4 d6 5. d4 O-O 6. Be2 e5 7. O-O Nbd7 8. Be3 Re8 9. Qc2 Ng4 10. Bg5 f6 11. Bd2 Nh6 12. dxe5 dxe5 13. Rad1 c6 14. c5 Qe7 15. b4 Nf8 16. Bc1 Ne6 17. h3 Nf7 18. Be3 f5 19. exf5 gxf5 20. Qxf5 e4 21. Qxe4 Bxc3 22. Bd3 Nf8 23. Qc4 Bf6 24. Rfe1 Be6 25. Qc2 Qc7 26. Nd4 Bd5 27. Nf5 Re6 28. Nd4 Ree8 29. Nf5 a5 30. b5 cxb5 31. Bxb5 Be4 32. Qa4 Re6 33. Nd6 Bg6 34. Ne8 Qe7 35. Nxf6+ Qxf6 36. Bc4 Re4 37. Qb3 Rae8 38. Rd6 Ne6 39. Rb6 a4 40. Qxa4 Ne5 41. Bxe6+ Rxe6 42. Qa8+ Kg7 43. Rxb7+ Bf7 44. Bh6+ Kxh6 45. Rxe4 Bg6 46. Re3 Ra6 47. Ra7 Nd3 48. Rf3 Qa1+ 49. Kh2 Qe5+ 50. g3 Rxa7 51. Qxa7 Ne1 52. Rf4 Kg5 53. Qa5 Nd3 54. Qd8+ Kh6 55. Qf8+ Kg5 56. Rg4+ Kh5 57. Rh4+ Kg5 58. f4+ 1-0

[Event "Oberliga Ost B 2023 2024"]
[Site "?"]
[Date "2024.01.14"]
[Round "5.2"]
[Board "4"]
[White "Kirchner, Markus"]
[Black "Klundt, Klaus"]
[Result "1/2-1/2"]
[WhiteElo "2134"]
[BlackElo "2270"]
[PlyCount "60"]
[EventDate "2023.10.22"]
[EventType "team-tourn"]
[EventCountry "GER"]
[WhiteTeam "Schoeneck SF"]
[BlackTeam "Heusenstamm SC"]
[WhiteTeamCountry "GER"]
[BlackTeamCountry "GER"]

1. e4 c5 2. Nf3 e6 3. c4 Nc6 4. Nc3 Nf6 5. Be2 e5 6. O-O d6 7. d3 h6 8. Ne1 g5 9. Nc2 Bg7 10. a3 Nd4 11. Ne3 O-O 12. h3 Be6 13. b4 Qd7 14. Kh2 Nh7 15. g4 Rfe8 16. Rb1 Nf8 17. Nf5 Ng6 18. Be3 Nf4 19. Bxf4 exf4 20. Nxd4 Bxd4 21. Nd5 Kg7 22. Bf3 Rab8 23. Qd2 f6 24. Rg1 Rh8 25. h4 Rhc8 26. b5 Re8 27. h5 Bf7 28. a4 Re5 29. Nc3 Qd8 30. Na2 Re8 1/2-1/2

[Event "Oberliga Ost B 2023 2024"]
[Site "?"]
[Date "2024.01.14"]
[Round "5.2"]
[Board "5"]
[White "Paszewski, Mateusz"]
[Black "Marchio, Enrico"]
[Result "1-0"]
[WhiteElo "2286"]
[BlackElo "2255"]
[PlyCount "131"]
[EventDate "2023.10.22"]
[EventType "team-tourn"]
[EventCountry "GER"]
[WhiteTeam "Heusenstamm SC"]
[BlackTeam "Schoeneck SF"]
[WhiteTeamCountry "GER"]
[BlackTeamCountry "GER"]

1. e4 e6 2. d4 d5 3. e5 c5 4. c3 Nc6 5. Nf3 Qb6 6. Bd3 cxd4 7. O-O Bd7 8. Re1 Nge7 9. h4 a6 10. h5 h6 11. Nbd2 dxc3 12. bxc3 Qc7 13. Nb3 Nc8 14. Bf4 Ba3 15. Rb1 b5 16. Nfd4 Nb6 17. Qg4 Kf8 18. Re3 Nc4 19. Rg3 Rg8 20. Nxc6 Bxc6 21. Bh7 Nxe5 22. Qe2 Bd6 23. Bxg8 Kxg8 24. Bxh6 Nf3+ 25. Rxf3 gxh6 26. Nd4 Bd7 27. Qd2 Kg7 28. Re1 Rc8 29. Qd3 Be5 30. Qe3 Bd6 31. Rf6 Kxf6 32. Qxh6+ Ke7 33. Nf5+ Ke8 34. Qh8+ Bf8 35. h6 Qf4 36. h7 Qxf5 37. Qg8 Ke7 38. h8=Q Bh6 39. Qxc8 Bxc8 40. Qxc8 Bd2 41. Rf1 Qd3 42. Qxa6 Qc2 43. Qxb5 Qxa2 44. Qe2 Qb2 45. c4 dxc4 46. Qxc4 Qe5 47. Rb1 Kf8 48. Qg4 Bc3 49. Qf3 Ba5 50. g3 Bc3 51. Rb3 Ba5 52. Qb7 Bc7 53. Rf3 Ke7 54. Kg2 Qd6 55. Qe4 Ke8 56. Qh7 f5 57. Kh2 Qe7 58. Qg8+ Kd7 59. Rd3+ Bd6 60. Qb8 e5 61. Qb7+ Ke6 62. Qd5+ Kd7 63. Rb3 Kc8 64. Qc6+ Bc7 65. Rd3 f4 66. Qa6+ 1-0

[Event "Oberliga Ost B 2023 2024"]
[Site "?"]
[Date "2024.01.14"]
[Round "5.2"]
[Board "6"]
[White "Meyer, Kai Christian"]
[Black "Roeschlau, Bernd"]
[Result "1-0"]
[WhiteElo "2187"]
[BlackElo "2212"]
[PlyCount "87"]
[EventDate "2023.10.22"]
[EventType "team-tourn"]
[EventCountry "GER"]
[WhiteTeam "Schoeneck SF"]
[BlackTeam "Heusenstamm SC"]
[WhiteTeamCountry "GER"]
[BlackTeamCountry "GER"]

1. d4 Nf6 2. Nf3 g6 3. Bf4 b6 4. Nc3 Bb7 5. Qd2 h6 6. d5 Bg7 7. e4 c6 8. d6 Na6 9. e5 Ng8 10. Ne4 e6 11. Bd3 g5 12. Bg3 Nc5 13. Nxc5 bxc5 14. Qe2 h5 15. h4 g4 16. Ng5 Nh6 17. O-O c4 18. Bxc4 Nf5 19. Bd3 Bh6 20. Ne4 Qb6 21. Nf6+ Kd8 22. Bxf5 exf5 23. Qd3 c5 24. Qxf5 Qc6 25. f3 Kc8 26. c4 Rb8 27. Nd5 Bf8 28. Qxf7 Ba8 29. b3 Kb7 30. Rad1 Bh6 31. e6 Rbf8 32. Qxd7+ Qxd7 33. exd7 Kc6 34. fxg4 Kxd7 35. Be5 hxg4 36. Bxh8 Rxh8 37. Nf6+ Kd8 38. Rde1 Bc6 39. Re7 g3 40. Ng4 Bd2 41. Rd1 Bc3 42. Ne5 Bxe5 43. Rxe5 Rxh4 44. Rg5 1-0

[Event "Oberliga Ost B 2023 2024"]
[Site "?"]
[Date "2024.01.14"]
[Round "5.2"]
[Board "8"]
[White "Del Rio, Roland"]
[Black "Hoti, Safet"]
[Result "0-1"]
[WhiteElo "2200"]
[BlackElo "2061"]
[PlyCount "76"]
[EventDate "2023.10.22"]
[EventType "team-tourn"]
[EventCountry "GER"]
[WhiteTeam "Schoeneck SF"]
[BlackTeam "Heusenstamm SC"]
[WhiteTeamCountry "GER"]
[BlackTeamCountry "GER"]

1. e4 c5 2. Nf3 Nc6 3. d3 d6 4. g3 g6 5. Bg2 Bg7 6. O-O Bg4 7. h3 Bxf3 8. Qxf3 Qd7 9. c3 Nf6 10. Be3 O-O 11. Qe2 Rac8 12. f4 e6 13. d4 b6 14. Na3 Nh5 15. Qf2 cxd4 16. cxd4 e5 17. dxe5 dxe5 18. Rfd1 Qe7 19. Nb5 Nb4 20. Nc3 exf4 21. gxf4 Bxc3 22. bxc3 Rxc3 23. Rac1 Rfc8 24. Rxc3 Rxc3 25. Qd2 Rd3 26. Qc1 Rxd1+ 27. Qxd1 Qc7 28. a3 Na6 29. Qd5 Nxf4 30. Qb5 Nc5 31. Qe8+ Kg7 32. Bf1 Nfe6 33. Bg2 Qg3 34. Bd2 Nxe4 35. Bb4 Qf2+ 36. Kh1 Ng3+ 37. Kh2 Ne2 38. h4 Qf4+ 0-1

[Event "Oberliga Ost B 2023 2024"]
[Site "?"]
[Date "2024.01.14"]
[Round "5.3"]
[Board "1"]
[White "Humburg, Philipp"]
[Black "Kunin, Vitaly"]
[Result "0-1"]
[WhiteElo "2241"]
[BlackElo "2521"]
[PlyCount "80"]
[EventDate "2023.10.22"]
[EventType "team-tourn"]
[EventCountry "GER"]
[WhiteTeam "Marburg SK"]
[BlackTeam "Moerlenbach Birkenau Freibauer"]
[WhiteTeamCountry "GER"]
[BlackTeamCountry "GER"]

1. d4 Nf6 2. c4 e6 3. Nf3 b6 4. g3 Ba6 5. b3 Bb4+ 6. Bd2 Be7 7. Bg2 c6 8. O-O O-O 9. Nc3 d5 10. Bf4 Nbd7 11. Qc2 Rc8 12. Rfd1 Nh5 13. Bc1 Qc7 14. e4 dxc4 15. e5 g6 16. Qe2 b5 17. bxc4 bxc4 18. g4 Ng7 19. Bh6 Nb6 20. Rac1 Nd5 21. Ne4 Rb8 22. Nfg5 Rbe8 23. Qf3 f5 24. exf6 Bxf6 25. Nxf6+ Rxf6 26. Qa3 Bb5 27. Ne4 Rff8 28. Bg5 Rb8 29. Rc2 e5 30. Nd6 Ne6 31. Nxb5 Rxb5 32. Bh6 Rd8 33. dxe5 Ndf4 34. Rf1 Nxg2 35. Kxg2 Qxe5 36. Rfc1 Rd3 37. Qxa7 Qe4+ 38. Kf1 Qh1+ 39. Ke2 Re5+ 40. Be3 Nf4# 0-1

[Event "Oberliga Ost B 2023 2024"]
[Site "?"]
[Date "2024.01.14"]
[Round "5.3"]
[Board "2"]
[White "Galdunts, Sergey"]
[Black "Zienert, Richard"]
[Result "1/2-1/2"]
[WhiteElo "2390"]
[BlackElo "2259"]
[PlyCount "48"]
[EventDate "2023.10.22"]
[EventType "team-tourn"]
[EventCountry "GER"]
[WhiteTeam "Moerlenbach Birkenau Freibauer"]
[BlackTeam "Marburg SK"]
[WhiteTeamCountry "GER"]
[BlackTeamCountry "GER"]

1. e4 c5 2. Nf3 Nc6 3. Bb5 d6 4. O-O Nf6 5. Re1 Bd7 6. c3 a6 7. Bf1 Bg4 8. h3 Bh5 9. d3 e6 10. Bf4 Be7 11. Nbd2 O-O 12. a4 b5 13. g4 Bg6 14. Nh4 Ne8 15. Nxg6 fxg6 16. Be3 Nc7 17. axb5 axb5 18. Rxa8 Qxa8 19. d4 c4 20. Bg2 Qa2 21. Qb1 Ra8 22. f4 Qxb1 23. Rxb1 Ra2 24. Kf1 Kf7 1/2-1/2

[Event "Oberliga Ost B 2023 2024"]
[Site "?"]
[Date "2024.01.14"]
[Round "5.3"]
[Board "3"]
[White "Dorst, Johannes"]
[Black "Legde, Georg"]
[Result "1/2-1/2"]
[WhiteElo "2242"]
[BlackElo "2288"]
[PlyCount "98"]
[EventDate "2023.10.22"]
[EventType "team-tourn"]
[EventCountry "GER"]
[WhiteTeam "Marburg SK"]
[BlackTeam "Moerlenbach Birkenau Freibauer"]
[WhiteTeamCountry "GER"]
[BlackTeamCountry "GER"]

1. e4 c5 2. Nf3 d6 3. Bb5+ Nd7 4. O-O a6 5. Bd3 Ngf6 6. Re1 e6 7. c3 b5 8. Bc2 c4 9. d4 cxd3 10. Bxd3 Bb7 11. a4 bxa4 12. Qxa4 Be7 13. Nbd2 O-O 14. Nb3 Qc7 15. Na5 Nc5 16. Qc2 Rfb8 17. Nd4 g6 18. c4 Qb6 19. Nf3 Ng4 20. Re2 Bf6 21. h3 Ne5 22. Nxe5 Bxe5 23. Be3 Bc8 24. Ra2 Bd7 25. Kh1 Qc7 26. Bd2 Nxd3 27. Qxd3 Rxb2 28. Rxb2 Bxb2 29. Bf4 Be5 30. Bxe5 dxe5 31. Qa3 Be8 32. Rb2 Rb8 33. Rxb8 Qxb8 34. Qe7 Ba4 35. Nb7 Qe8 36. Qf6 Bc6 37. Nd6 Qd7 38. c5 a5 39. Qxe5 a4 40. Qc3 Qa7 41. Qe3 Qb8 42. Qc3 Qa7 43. Qa3 Qa5 44. f3 h5 45. Kh2 h4 46. Nc4 Qe1 47. Qb2 Qg3+ 48. Kg1 Qe1+ 49. Kh2 Qg3+ 1/2-1/2

[Event "Oberliga Ost B 2023 2024"]
[Site "?"]
[Date "2024.01.14"]
[Round "5.3"]
[Board "4"]
[White "Boehmer, Christian"]
[Black "Baum, Bernd"]
[Result "1/2-1/2"]
[WhiteElo "2160"]
[BlackElo "2211"]
[PlyCount "62"]
[EventDate "2023.10.22"]
[EventType "team-tourn"]
[EventCountry "GER"]
[WhiteTeam "Moerlenbach Birkenau Freibauer"]
[BlackTeam "Marburg SK"]
[WhiteTeamCountry "GER"]
[BlackTeamCountry "GER"]

1. e4 c5 2. d4 cxd4 3. c3 dxc3 4. Nxc3 Nc6 5. Nf3 e6 6. Bc4 a6 7. O-O Nge7 8. Bg5 d6 9. Qe2 h6 10. Be3 b5 11. Bb3 Bb7 12. Rfd1 Ng6 13. a4 b4 14. Nd5 exd5 15. exd5 Nce5 16. Nxe5 Nxe5 17. f4 Nd7 18. Bd4+ Be7 19. Bxg7 Rg8 20. Bxh6 Rg6 21. Bg5 Kf8 22. h4 Qb6+ 23. Kh2 Bxg5 24. hxg5 Re8 25. Qg4 Bc8 26. f5 Nf6 27. Qh4 Re4 28. Qh8+ Rg8 29. Qxf6 Qf2 30. Qd8+ Kg7 31. Qf6+ Kf8 1/2-1/2

[Event "Oberliga Ost B 2023 2024"]
[Site "?"]
[Date "2024.01.14"]
[Round "5.3"]
[Board "5"]
[White "Alber, Horst"]
[Black "Wrede, Michael"]
[Result "1-0"]
[WhiteElo "2234"]
[BlackElo "2171"]
[PlyCount "73"]
[EventDate "2023.10.22"]
[EventType "team-tourn"]
[EventCountry "GER"]
[WhiteTeam "Marburg SK"]
[BlackTeam "Moerlenbach Birkenau Freibauer"]
[WhiteTeamCountry "GER"]
[BlackTeamCountry "GER"]

1. d4 e6 2. c4 f5 3. g3 Nf6 4. Bg2 d5 5. Nf3 Bd6 6. O-O c6 7. Qc2 O-O 8. Nbd2 Qe8 9. Ne5 Nbd7 10. Ndf3 Qh5 11. cxd5 cxd5 12. Nd3 Ne4 13. Nfe5 g5 14. f3 Nef6 15. Bd2 Ne8 16. e4 Ndf6 17. Nf2 Ng7 18. Rfe1 dxe4 19. fxe4 Bxe5 20. dxe5 Ng4 21. Nxg4 fxg4 22. Bb4 Rf7 23. Rf1 Bd7 24. Rxf7 Qxf7 25. Rf1 Qg6 26. Rf6 Qh5 27. Qc7 Bc6 28. Qe7 Qe8 29. Qc5 h5 30. Qe3 Qd7 31. Bd6 Bb5 32. Qxg5 Rc8 33. Qf4 Qc6 34. h3 gxh3 35. Bxh3 Qc4 36. Rg6 Qxa2 37. Bxe6+ 1-0

[Event "Oberliga Ost B 2023 2024"]
[Site "?"]
[Date "2024.01.14"]
[Round "5.3"]
[Board "6"]
[White "Schneider, Heiko"]
[Black "Henrich, Thomas"]
[Result "1-0"]
[WhiteElo "2151"]
[BlackElo "2101"]
[PlyCount "61"]
[EventDate "2023.10.22"]
[EventType "team-tourn"]
[EventCountry "GER"]
[WhiteTeam "Moerlenbach Birkenau Freibauer"]
[BlackTeam "Marburg SK"]
[WhiteTeamCountry "GER"]
[BlackTeamCountry "GER"]

1. e4 c5 2. Nf3 Nc6 3. d4 cxd4 4. Nxd4 Nf6 5. Nc3 e5 6. Ndb5 d6 7. Bg5 a6 8. Na3 b5 9. Nd5 Be7 10. Bxf6 Bxf6 11. c3 Bg5 12. Nc2 Rb8 13. g3 Ne7 14. Ncb4 Bb7 15. a4 Bxd5 16. exd5 a5 17. Na6 Rb6 18. axb5 Rb7 19. Qa4 O-O 20. Qxa5 Qc8 21. Bd3 f5 22. O-O e4 23. Bc2 f4 24. Qb4 Qh3 25. Qxe4 Rxb5 26. Nb4 Nxd5 27. Bb3 f3 28. Bxd5+ Rxd5 29. Qxd5+ Kh8 30. Qxf3 Rxf3 31. Ra8+ 1-0